000 00487nam a2200181Ia 4500
008 090123s9999 xx 000 0 und d
082 _b34260
_a891.463/शहा
100 _aशहा सुरेखा
245 _aजोहड
250 _a1
260 _bसुमेरु प्रकाशन
300 _a240
600 _aशहा सुरेखा
630 _aजोहड
700 _aशहा सुरेखा
730 _aजोहड
942 _cBOOK
999 _c72299
_d72299